000 00495nam a2200169 i 4500
001 71549
003 ES-MaACL
005 20260114063023.0
007 t|
008 040812s1909 it ||||1| ita d
100 1 _aGentile, Giovanni,
_d1875-1944
_956357
245 1 3 _aIl Modernismo e i rapporti tra religione e filosofia /
_cGiovanni Gentile.
260 _aBari :
_bGius Laterza,
_c1909.
300 _aVIII, 289 p. ;
_c21 cm.
852 _aES-MaACL
_jF-4993
999 _c71549
_d71549